| 000 | 00834nam1a22002651 4500 | ||
|---|---|---|---|
| 001 | 2568510 | ||
| 005 | 20251118181748.7 | ||
| 035 | _a(NLR Aleph) 006452650 | ||
| 090 |
_a5754440 _c5754440 |
||
| 100 | _a20251123 rusy50 | ||
| 101 | 1 |
_arus _afre _crus |
|
| 102 | _aRU | ||
| 105 | _a z ||||| | ||
| 200 | 1 |
_aLes mécanismes dans la technique moderne _eA l'usage des ingénieurs, constructeurs et inventeurs _fPar I. Artobolevski _gTrad. du russe par D. Joukovski. T. 1- |
|
| 210 |
_aMoscou _cMir _d1975-1978 |
||
| 215 | _d17 | ||
| 686 |
_aК44я22 _2rubbk |
||
| 700 | 1 |
_aАртоболевский _bИ.И. _gИван Иванович |
|
| 702 | 1 |
_aJoukovski _bD. _4730 |
|
| 801 | 0 |
_aRU _bNLR _gpsbo |
|
| 801 | 1 |
_aRU _bELAR _2rusmarc |
|
| 852 |
_aNLR _jDesideratum |
||
| 899 |
_aRuMoRGB _jИн 76-1/23 |
||
| 942 | _cBOOK | ||
| 980 | _aNB | ||